000
00417nam a2200145Ia 4500
008
100204s9999 xx 000 0 und d
082
_b
25908
100
_a
ओक जनार्दन
245
_a
छद्मभेद
260
_b
"पायल पब्लिकेशन , पुणे"
_c
2003
300
_a
168
630
_a
छद्मभेद
730
_a
छद्मभेद
942
_c
BOOK
999
_c
471089
_d
471086